T09 駅名クイズ - 第三セクター鉄道(廃線) ver. - Statistics

General Stats
  • This quiz has been taken 45 times
  • The average score is 34 of 119
Answer Stats
Number Answer % Correct
北光社 池田
92%
北見
88%
輪島
81%
珠洲
81%
延岡
81%
高千穂
81%
足寄
77%
陸別
77%
三木
77%
穴水
73%
蛸島
73%
訓子府
65%
猪谷
65%
厄神
65%
石越
54%
本別
50%
置戸
50%
高島
46%
岡女堂
46%
様舞
42%
分線
42%
恋路
42%
飯田
42%
奥飛驒温泉口
42%
小利別
38%
西訓子府
38%
北光社
38%
縄文真脇
38%
日之影温泉
38%
大森
35%
南本別
35%
愛冠
35%
西一線
35%
日ノ出
35%
細倉マインパーク前
35%
西延岡
35%
上利別
31%
大誉地
31%
上常呂
31%
栗駒
31%
九十九湾小木
31%
正院
31%
神岡鉱山前
31%
勇足
27%
仙美里
27%
川上
27%
穂波
27%
能登三井
27%
27%
波並
27%
宇出津
27%
松波
27%
飛驒神岡
27%
天岩戸
27%
塩幌
23%
笹森
23%
西富
23%
広郷
23%
中居
23%
比良
23%
鹿波
23%
古君
23%
白丸
23%
神岡大橋
23%
薫別
19%
境野
19%
鶯沢
19%
能登市ノ瀬
19%
沖波
19%
藤波
19%
小浦
19%
鵜飼
19%
豊住
15%
荒町
15%
鶯沢工業高校前
15%
矢波
15%
羽根
15%
国包
15%
西這田
15%
行縢
15%
吐合
15%
吾味
15%
影待
15%
深角
15%
大岡小前
12%
大岡
12%
尾松
12%
前波
12%
鵜川
12%
七見
12%
鵜島
12%
南黒丸
12%
上戸
12%
飛驒中山
12%
茂住
12%
川水流
12%
槇峰
12%
日向八戸
12%
若柳
8%
谷地畑
8%
津久毛
8%
九里川尻
8%
漆山
8%
宗佐
8%
下石野
8%
石野
8%
別所
8%
高木
8%
細見
8%
日向岡元
8%
曽木
8%
亀ヶ崎
8%
沢辺
4%
杉橋
4%
鳥矢崎
4%
栗原田町
4%
上崎
4%
早日渡
4%
No matching quizzes found
Score Distribution
Percent of People with Each Score
Percentile by Number Answered
Your Score History
You have not taken this quiz